000 00624nam a2200229Ia 4500
003 BUBTL
008 151213s9999 xx 000 0 und d
020 _a0538826487
082 _a658.802/J1992m/1993
100 _aS. C. Jain
_92587
245 _aMarketing Planning Strategy
_cS. C. Jain
250 _a4th
260 _aOhio
_bSouth - Western
_cc1993
300 _a[xvii],871p.:
_bill,23cm.
_cMarketing.
500 _aIncludes Index.
650 _aMarketing
_92588
650 _aMarketing
_92588
700 _aS. C. Jain
_92587
856 _k0
_l0
_yDownload
942 _2ddc
_cBK
999 _c1824
_d1824